Strategic Management (Record no. 4509)

MARC details
005 - DATE AND TIME OF LATEST TRANSACTION
control field 20250620101131.0
020 ## - INTERNATIONAL STANDARD BOOK NUMBER
International Standard Book Number 978-81-7473-359-0
082 ## - DEWEY DECIMAL CLASSIFICATION NUMBER
Classification number 658.4SIN
100 ## - MAIN ENTRY--PERSONAL NAME
Author name SINGH. S. P
245 ## - TITLE STATEMENT
Title Strategic Management
250 ## - EDITION STATEMENT
Edition statement 1st Ed.
260 ## - PUBLICATION, DISTRIBUTION, ETC.
Place of publication, distribution, etc. Krishan Nagar,
Name of publisher, distributor, etc. Arya. V. K,
Date of publication, distribution, etc. 2006
300 ## - PHYSICAL DESCRIPTION
Extent xiii, 504p,; ill, figure & table
Other physical details Index
Dimensions 24cm
942 ## - ADDED ENTRY ELEMENTS (KOHA)
Source of classification or shelving scheme Dewey Decimal Classification
Koha item type Books
Holdings
Date last seen Total checkouts Full call number Barcode Cost, replacement price Price effective from Koha item type Lost status Source of classification or shelving scheme Damaged status Not for loan Withdrawn status Home library Current library Shelving location Date acquired Cost, normal purchase price
06/20/2025   658.4SIN DOM0003565 165000.00 06/20/2025 Books   Dewey Decimal Classification       CBE Dodoma CBE Dodoma Special Reserve Collection 07/01/2020 55000.00